000 00655nam a22002057a 4500
003 DO-SdBNP
005 20230301085631.0
007 ta
008 230301b2007 dr ||||| |||| 00| 0 spa d
040 _aDO-SdBNP
_bspa
_cBNPHU
082 4 _bR426l
_222
110 2 _aRepública Dominicana
_9447
240 1 0 _a[ Leyes, etc.]
245 1 0 _aLey No. 176-07 del Distrito Nacional y los Municipios /
_cpresentación Marcos Villamán, Ernesto López de la Riva.
260 _aSanto Domingo :
_bConsejo Nacional de Reformas del Estado ( CONARE),
_c2007.
300 _a178 p. ;
_c23 cm.
590 _aInventariado,2023/BT
910 _aBtavárez
942 _2ddc
_cLBS1
999 _c53141
_d53141